|
|
|
|
| LEADER |
00000nab a2200000 a 4500 |
| 001 |
vtls000704979 |
| 003 |
SK-MaSNL |
| 005 |
20260305041610.0 |
| 008 |
250429c1999 xo 0 slo |
| 015 |
|
|
|a SNBRB1999/10-23158
|
| 035 |
|
|
|a CLN000057146
|
| 035 |
|
|
|a urn:nbn:sk:snk-abdq78
|
| 035 |
|
|
|a (urnnbn)urn:nbn:sk:snk:ar-001sox
|
| 035 |
|
|
|a (uuid)8b7d7862-f15a-4f03-8eaa-1ce7b1780ae6
|
| 040 |
|
|
|a SNKBUCL
|b slo
|c SNKBUCL
|e AACR2
|
| 041 |
0 |
|
|a slo
|
| 044 |
|
|
|a xo
|c SK
|
| 080 |
|
|
|a 711.523(437.6)
|2 1997
|
| 100 |
1 |
|
|a Gregor, Pavel,
|d 1956-
|4 aut
|
| 245 |
1 |
0 |
|a Trenčín
|b obnova Štúrovho námestia v Trenčíne
|c za autorov Pavel Gregor, Pavel Nahálka
|
| 300 |
|
|
|b Obr.
|
| 504 |
|
|
|a Res. angl.
|
| 650 |
0 |
7 |
|a mestské historické centrá
|z Trenčín (Slovensko)
|x rekonštrukcia
|2 snkbucl
|9 17460
|
| 651 |
|
7 |
|a Trenčín (Slovensko : okres)
|2 snkbucl
|9 75018
|
| 651 |
|
7 |
|a Trenčín (Slovensko)
|2 snkbucl
|9 159956
|
| 651 |
|
7 |
|a Štúrovo námestie (Trenčín, Slovensko)
|x rekonštrukcia
|2 snkbucl
|9 17461
|
| 655 |
|
7 |
|a články z novín a časopisov
|2 snkbucl
|9 267496
|
| 700 |
1 |
|
|a Nahálka, Pavel
|4 aut
|9 333248
|
| 773 |
0 |
|
|t Projekt
|g Roč. 41, č. 1 (1999), s. 39-42
|x 1335-2180
|
| 850 |
|
|
|a Slovenská národná knižnica
|
| 852 |
|
|
|a Slovenská národná knižnica
|
| 954 |
|
|
|a odborná, vedecká literatúra pôvodná (slovenská)
|2 lita
|
| 958 |
|
|
|a article19
|
| 958 |
|
|
|a SK
|
| 958 |
|
|
|a OND
|
| 958 |
|
|
|a EUIPO
|
| 992 |
|
|
|a RBX
|
| 999 |
|
|
|c 3344366
|d 3346296
|